| 000 | 00955nam a2200253 i 4500 | ||
|---|---|---|---|
| 001 | bg | ||
| 245 | 0 | 0 |
_aInformator 2000/2001 dla kandydatów na I rok studiów / _c[oprac. Bogusław Polak, Ryszard Jankowiak] ; Politechnika Koszalińska. Wydział Ekonomii i Zarządzania. |
| 260 |
_aKoszalin : _bwydaw. Uczelniane PK, _c2000. |
||
| 300 |
_a47, [2] s. : _b1 pl. ; _c21 cm. |
||
| 500 | _aOpis wg okł. | ||
| 650 | 9 |
_aNauki ekonomiczne _xszkolnictwo wyższe _zPolska |
|
| 651 | 9 |
_aKoszalin (woj. zachodniopomorskie) _xPolitechnika _xWydział Ekonomii i Zarządzania |
|
| 655 | _aInformatory | ||
| 700 | 1 |
_aPolak, Bogusław _d(1945- ). _eOprac. |
|
| 700 | 1 |
_aJankowiak, Ryszard. _eOprac. |
|
| 710 | 0 |
_aPolitechnika Koszalińska _bWydział Ekonomii i Zarządzania |
|
| 020 | _a8388283235 | ||
| 040 | _cBPK | ||
| 041 | 0 | _apl | |
| 080 | _a378.662.096:33](438)"20" | ||
| 920 | _a83-88283-23-5 | ||
| 942 | _cKS | ||
| 008 | s pl f |000 0 pol | ||
| 999 |
_c36838 _d36838 |
||
| 856 |
_uhttp://koha.tu.koszalin.pl/cgi-bin/koha/opac-detail.pl?biblionumber=36838 _yKatalog online BPK |
||